LEADER 01390nam a2200301 u 4500 001 000000122764 003 CaOOAMICUS 005 20100826141714.0 008 100826t2010 it u000 u ita r 020 $a978-88-13-30245-0 040 $aPUL$bita$dReb 082 04$a305.6 100 1 $aPin, Andrea.$0(OLS)http://pul/name/77131 245 10$aLaicità e Islam nell'ordinamento italiano :$buna questione di metodo /$cAndrea Pin. 260 $aPadova :$bCEDAM,$c©2010. 300 $axi, 305 p. ;$c24 cm. 490 1 $aPubblicazioni della Facoltà di giurisprudenza dell'Università di Padova ;$v175 504 $aBibliografia : p. [275]-305. 650 4$aLaicismo.$0(OLS)http://pul/subject/33839 650 4$aIslam$zItalia.$0(OLS)http://pul/subject/34411 830 0$aPubblicazioni della Facoltà di giurisprudenza dell'Università di Padova ;$v175.$0(OLS)http://pul/title/14626 850 $aPUL 852 $aPUL$W1$xSL Diritto e Scienze Sociali 3$y79$m305. 6 PINAN 1$j140998$qDDC 21$B140078$CPULBib$Z2$F140078 $H114510 $82 941 1 $a9 996 $6020$a978-88-13-30245-0$9(OLS)http://pul/number/145185 996 $6082$a305.6$9(OLS)http://pul/classification/687 996 $6245$aLaicità e Islam nell'ordinamento italiano :$buna questione di metodo$9(OLS)http://pul/title/154745 996 $6260$aPadova :$bCEDAM$9(OLS)http://pul/publisher/48126 LEADER 01020naa a2200193 u 4500 001 000000095659 003 CaOOAMICUS 005 20070226130143.0 008 040709s1963 gw u000 u fre u 035 $a11003888 040 $aIAR$bita 100 1 $aKrapiec, Mieczyslaw Albert,$cO.P.,$b1921-2008.$0(OLS)http://pul/name/65413 245 10$aPour une interprétation contemporaine de la métaphysique thomiste /$cM.A. Krapiec. 260 $aBerlin :$bW. de Gruyter,$c1963. 300 $aS. 341-347, ;$c25 cm 773 0 $aDie Metaphysik im Mittelalter - ihr Ursprung und ihre Bedeutung. 773 0 $aCongrés international de philosophie médiévale.$tDie Metaphysik im Mittelalter, ihr Ursprung und ihre Bedeutung : Vorträge des II. Internationalen Kongresses für mittelalterliche Philosophie, Köln 31. August - 6. September 1961$w()12913 996 $6245$aPour une interprétation contemporaine de la métaphysique thomiste$9(OLS)http://pul/title/122535 996 $6260$aBerlin :$bW. de Gruyter$9(OLS)http://pul/publisher/48032